000 00431nam a2200205Ia 4500
001 13217
003 GE_BSU
008 181216s||||||||xx |||||||||||||| ||und||
020 _a0141007338
040 _cGE_BSU
080 _a821.111-32
100 _aHornby,Nick.
245 _aAbout a boy.
260 _aLondon.
260 _bPenguin Books.
260 _c1998
300 _a278p;18cm.
653 _aAbout a boy.
942 _cBK
999 _c46381
_d46381